000 00428nam a2200169Ia 4500
008 231217s9999 xx 000 0 und d
020 _a8178810298
041 _aEnglish
082 _a658.8 RAJ;2 R1
100 _aRajashekar, N ed.
245 4 _aThe new age marketing
260 _c2004
_bICFAI Press
_aHyderabad
300 _avii, 205+A11
500 _aContent page available
650 _aage,marketing
942 _cAA
999 _c190524
_d190524